| 000 | 00352nam a22001457a 4500 | ||
|---|---|---|---|
| 082 | _a330BAI | ||
| 100 | _aBailey, Richard | ||
| 245 | _aProblem of the world economy | ||
| 260 |
_aLondon _bPenguin Book _c1967 |
||
| 300 |
_a201p _b20cm |
||
| 500 | _aIncludes Index | ||
| 650 | _aProblem of the world economy | ||
| 700 | _aBailey, Richard | ||
| 942 | _cBK | ||
| 999 |
_c14318 _d14318 |
||